000 01229nam a2200301 i 4500
001 bg
245 0 0 _aSystemy centralnego ogrzewania i wentylacji :
_bporadnik dla projektantów i instalatorów /
_cJoachim Albers [et al.] ; z niem. przeł. Stanisław Broszkiewicz, Maciej Dobrzyński, Karina Gasz.
246 _iTyt. oryg.:
_aZentralheizungs- und Lüftungsbau für Anlagenmechaniker SHK, Technologie
260 _aWarszawa :
_bWydawnictwa Naukowo-Techniczne,
_c2007.
300 _a519., [1] s. :
_bil. ;
_c27 cm.
500 _aTyt. oryg.: "Zentralheizungs- und Lüftungsbau für Anlagenmechaniker SHK, Technologie", 5. überarb. Aufl.
504 _aWykaz norm i rozporz. - Indeks.
650 9 _aOgrzewanie centralne
650 9 _aWentylacja
655 _aPoradniki
700 1 _aALBERS, Joachim.
700 1 _aBROSZKIEWICZ, Stanisław.
_eTł.
700 1 _aDOBRZYŃSKI, Maciej.
_eTł.
700 1 _aGASZ, Karina.
_eTł.
020 _a9788320432848
040 _cBPK
041 1 _apol
_hger
080 _a697(083.1)
920 _a978-83-204-3284-8
942 _cKS
008 s pl f |000 0 pol
999 _c53479
_d53479
856 _uhttp://koha.tu.koszalin.pl/cgi-bin/koha/opac-detail.pl?biblionumber=53479
_yKatalog online BPK